Catálogo
 En Linea

Coloquios Duartianos / (Registro nro. 49667)

Detalles MARC
000 -CABECERA
campo de control de longitud fija 01457nam a22002777a 4500
003 - IDENTIFICADOR DEL NÚMERO DE CONTROL
campo de control OSt
005 - FECHA Y HORA DE LA ÚLTIMA TRANSACCIÓN
campo de control 20240228131336.0
008 - DATOS DE LONGITUD FIJA--INFORMACIÓN GENERAL
campo de control de longitud fija 210323b 2018 dr ab 00| 0 eng d
020 ## - NÚMERO INTERNACIONAL ESTÁNDAR DEL LIBRO
Número Internacional Estándar del Libro 9789945168860
040 ## - FUENTE DE LA CATALOGACIÓN
Centro catalogador/agencia de origen DO-SdBNP
Lengua de catalogación spa
Centro/agencia transcriptor BNPHU
082 ## - NÚMERO DE LA CLASIFICACIÓN DECIMAL DEWEY
Número de documento/Ítem C733c
110 1# - ENTRADA PRINCIPAL--NOMBRE DE ENTIDAD CORPORATIVA
Nombre de entidad corporativa o nombre de jurisdicción como elemento de entrada Comité Dominicano por la Solidaridad Internacional con Haiti, Inc
9 (RLIN) 78241
245 10 - MENCIÓN DE TÍTULO
Título Coloquios Duartianos /
Mención de responsabilidad, etc. Comité Dominicano por la Solidaridad Internacional con Haití, Inc ; editor: Juan Miguel Castillo Pantaleón, Cristina Aguiar Quezada ; diagramación ; Yris Cuevas ; presentación: Armando Armenteros Estrems ; prólogo: Juan Miguel Castillo Pantaleón.
260 ## - PUBLICACIÓN, DISTRIBUCIÓN, ETC.
Lugar de publicación, distribución, etc. Santo Domingo ;
Nombre del editor, distribuidor, etc. Comité Dominicano por la Solidaridad,
Fecha de publicación, distribución, etc. 2018.
300 ## - DESCRIPCIÓN FÍSICA
Extensión 109 p. :
Otras características físicas il., mapas ;
Dimensiones 23 cm.
500 ## - NOTA GENERAL
Nota general Incluye referencias bibliográficas y notas al pie de las páginas.
500 ## - NOTA GENERAL
Nota general Incluye datos biográficos de los autores en la solapa de la cubierta.
504 ## - NOTA DE BIBLIOGRAFÍA, ETC.
Nota de bibliografía, etc. Bibliografía : p. 104-109
505 0# - NOTA DE CONTENIDO CON FORMATO
Información miscelánea v. 1
Título Duarte y el proceso conducente a la proclamación de la independencia/
Mención de responsabilidad Leonardo Conde
Título Identidad nacional : ¿Sentimiento o derecho fundamental?/
Mención de responsabilidad Cristina Aguiar Quezada
590 ## - NOTA LOCAL (RLIN)
Nota local Inventariado, 2021 /LP
700 1# - PUNTO DE ACCESO ADICIONAL--NOMBRE DE PERSONA
Nombre de persona Conde, Leonardo,
Fechas asociadas al nombre 1946-
9 (RLIN) 78242
700 1# - PUNTO DE ACCESO ADICIONAL--NOMBRE DE PERSONA
Nombre de persona Aguiar Quezada, Cristina
9 (RLIN) 78244
700 1# - PUNTO DE ACCESO ADICIONAL--NOMBRE DE PERSONA
Nombre de persona Castillo Pantaleón, Juan Miguel,
Término indicativo de función/relación prólogo
9 (RLIN) 54034
700 1# - PUNTO DE ACCESO ADICIONAL--NOMBRE DE PERSONA
Nombre de persona Armenteros Estrems, Armando,
Término indicativo de función/relación presentación
9 (RLIN) 78245
942 ## - ELEMENTOS DE PUNTO DE ACCESO ADICIONAL (KOHA)
Fuente del sistema de clasificación o colocación Dewey Decimal Classification
Tipo de ítem Koha Libro
Existencias
Estado de retiro Estado de pérdida Fuente del sistema de clasificación o colocación Restricciones de uso No para préstamo Código de colección Localización permanente Ubicación/localización actual Ubicación en estantería Fecha de adquisición Fuente de adquisición Total de préstamos Signatura topográfica completa Código de barras Fecha visto por última vez Precio válido a partir de Tipo de ítem Koha Número de copia
    Dewey Decimal Classification Préstamo en sala   Monografías: Libros y Folletos Biblioteca Nacional Pedro Henríquez Ureña General Depósito 23.03.2021 Depósito Legal   C733c 2021-1170 23.03.2021 23.03.2021 Libro e.3
    Dewey Decimal Classification Excluido de préstamo Excluido de préstamo Monografías: Libros y Folletos Biblioteca Nacional Pedro Henríquez Ureña Patrimonio Dominicano Depósito 23.03.2021 Depósito Legal   C733c 2021-1168 23.03.2021 23.03.2021 Libro  
    Dewey Decimal Classification Excluido de préstamo Préstamo restrigido Monografías: Libros y Folletos Biblioteca Nacional Pedro Henríquez Ureña Patrimonio Dominicano Depósito 23.03.2021 Depósito Legal   C733c 2021-1169 23.03.2021 23.03.2021 Libro e.2

Con tecnología Koha